Journal of African culture and international understanding : No 10 October-December 2014 (Record no. 48503)

MARC details
000 -LEADER
fixed length control field 01028nam a2200265 a 4500
003 - CONTROL NUMBER IDENTIFIER
control field CBULib
005 - DATE AND TIME OF LATEST TRANSACTION
control field 20241122091145.0
008 - FIXED-LENGTH DATA ELEMENTS--GENERAL INFORMATION
fixed length control field 180905s2014 ||||||||||||||||| || u
040 ## - CATALOGING SOURCE
Original cataloging agency CBULib
Language of cataloging English
Transcribing agency CBULib
Description conventions rda
041 ## - LANGUAGE CODE
Language code of text/sound track or separate title eng
050 ## - LIBRARY OF CONGRESS CALL NUMBER
Classification number UNESCO(05)JACI/2014/10
110 ## - MAIN ENTRY--CORPORATE NAME
Corporate name or jurisdiction name as entry element United Nations Educational, Scientific and Cultural Organization (UNESCO)
245 00 - TITLE STATEMENT
Title Journal of African culture and international understanding : No 10 October-December 2014
Statement of responsibility, etc by United Nations Educational, Scientific and Cultural Organisation (UNESCO)
260 ## - PUBLICATION, DISTRIBUTION, ETC. (IMPRINT)
Place of publication, distribution, etc Abeokuta :
Name of publisher, distributor, etc United Nations,
Date of publication, distribution, etc 2014.
300 ## - PHYSICAL DESCRIPTION
Extent 51 pages : illustrations
336 ## - CONTENT TYPE
Source rdacontent
Content type term Text |
Content type code txt
337 ## - MEDIA TYPE
Source rdamedia
Media type term Unmediated |
Media type code n
338 ## - CARRIER TYPE
Source rdacarrier
Carrier type term Volume
Carrier type code nc
500 ## - GENERAL NOTE
General note Includes References
650 ## - SUBJECT ADDED ENTRY--TOPICAL TERM
Topical term or geographic name as entry element ETHNOLOGY--AFRICA--CROSS CULTURAL STUDIES
650 ## - SUBJECT ADDED ENTRY--TOPICAL TERM
Topical term or geographic name as entry element POPULAR CULTURE--AFRICA--CROSS--CULTURAL STUDIES
650 #0 - SUBJECT ADDED ENTRY--TOPICAL TERM
Topical term or geographic name as entry element AFRICA--SOCIAL LIFE AND CUSTOMS
650 ## - SUBJECT ADDED ENTRY--TOPICAL TERM
Topical term or geographic name as entry element UNESCO-INTERNATIONAL COOPERATION
942 ## - ADDED ENTRY ELEMENTS (KOHA)
Source of classification or shelving scheme
Koha item type INTERNATIONAL PUBLICATIONS
Holdings
Withdrawn status Lost status Source of classification or shelving scheme Damaged status Not for loan Collection code Permanent Location Current Location Shelving location Date acquired Source of acquisition Full call number Barcode Date last seen Copy number Price effective from Koha item type
          Special Collections CBU-MAIN LIBRARY, KITWE. CBU-MAIN LIBRARY, KITWE. Special Collections 11/30/2022 DEP-UNESCO UNESCO(05)JACI/2014/10 B3654 11/30/2022 1 11/30/2022 INTERNATIONAL PUBLICATIONS